000 00307nam a22001337a 4500
008 170817b xxu||||| |||| 00| 0 eng d
020 _a9780716732969
041 _aeng
080 _a51
100 _a36
101 _aMAT
245 _aAN INTRODUCTION TO DIFFERENTIAL EQUATIONS
_cDIACU,F
942 _2udc
_cBK
999 _c23981
_d23981